| 000 | 00701nam a22002057a 4500 | ||
|---|---|---|---|
| 003 | 0 | ||
| 005 | 20240213102350.0 | ||
| 008 | 240213b xxu||||| |||| 00| 0 eng d | ||
| 020 | _a978-3-030-15190-4 | ||
| 050 |
_aHF 5387 _b.K83 2019 |
||
| 100 | _aKvalnes, Oyvind | ||
| 245 |
_aMoral reasoning at work : rethinking ethics in organizations _c Oyvind Kvalnes |
||
| 250 | _a2nd edition. | ||
| 260 |
_aSwitzerland _bPalgrave Mcmillan ; Springer International Publishing _cc2019. |
||
| 300 |
_aviii, 145 pages ; _c22 cm. |
||
| 504 | _aIncludes bibliographical references and index. | ||
| 650 | _aBusiness ethics | ||
| 650 | _aOrganizational behavior--moral & ethical aspects. | ||
| 942 |
_2lcc _cBK |
||
| 999 |
_c365918 _d365918 |
||